000 00569 a2200169 4500
999 _c950
_d950
020 _a9780415534536
050 _aG155 EDG 2013
100 _aEdgell, David L.
_eauthor
245 _aTourism policy and planning:
_byesterday, today, and tomorrow
_cDavid L. Edgell and Jason R. Swanson
264 _aLondon:
_bRoutledge
_c2013
300 _a305p.
_bill.(col.)
500 _aIncludes bibliographical references and index
650 _aTourism
_xplanning
650 _aTourism
_xgovernment policy
700 _aSwanson, Jason R.
_eauthor
942 _2lcc
_cBK
_e2nd ed.
_h155
_iEDG
_kG